[Event "XII Mitropa Cup femminile"]
[Site "Mayrhofen AUT"]
[Date "2015.06.20"]
[Round "7.2"]
[White "Georgescu, Lena"]
[Black "Brunello, Marina"]
[WhiteElo "2052"]
[BlackElo "2301"]
[Result "1/2-1/2"]
[Annotator "ITA-SUI"]
[PlyCount "152"]
[EventDate "2015.06.14"]

1. e4 c5 2. Nc3 d6 3. f4 g6 4. Nf3 Bg7 5. Bb5+ Bd7 6. Bc4 Nc6 7. O-O Na5 8. Be2
e6 9. d4 cxd4 10. Nxd4 a6 11. Be3 Qc7 12. Kh1 Nc4 13. Bxc4 Qxc4 14. Nb3 Bxc3
15. bxc3 Qxe4 16. Re1 Qc6 17. Qd4 f6 18. Na5 Qc7 19. Nc4 d5 20. Nb6 Rd8 21. f5
e5 22. Bf4 Ne7 23. Bxe5 fxe5 24. Rxe5 Bxf5 25. Rxf5 gxf5 26. Qxh8+ Kf7 27.
Qxh7+ Kf8 28. Re1 Qd6 29. Qh8+ Kf7 30. Qh7+ Kf8 31. Qh8+ Kf7 32. Qd4 Rg8 33. c4
Rg4 34. c5 Qc6 35. Qe5 Re4 36. Rxe4 dxe4 37. Nc4 Qd7 38. Nd6+ Kg6 39. Qg3+ Kh7
40. Qh4+ Kg6 41. Qg3+ Kh7 42. Qe5 Kg6 43. h4 Nc6 44. Qg3+ Kf6 45. Qg5+ Ke5 46.
Nc4+ Ke6 47. Qg6+ Ke7 48. Nd6 Ne5 49. Qg5+ Kf8 50. Qxf5+ Qxf5 51. Nxf5 Nd7 52.
c6 bxc6 53. Kg1 c5 54. Nd6 Nf6 55. Kf2 Ke7 56. Nb7 c4 57. Ke3 Ke6 58. Kd4 Kf5
59. Nd6+ Kf4 60. Nxc4 Ng4 61. g3+ Kxg3 62. Kxe4 Kxh4 63. Kd5 Kg5 64. c3 Kf4 65.
Na5 Ke3 66. c4 Nf6+ 67. Kc5 Ne4+ 68. Kb6 Kd4 69. Kxa6 Kc5 70. a3 Nc3 71. Kb7
Nb1 72. a4 Nc3 73. Nb3+ Kxc4 74. a5 Kxb3 75. a6 Nb5 76. Kc6 Kb4 1/2-1/2

[Event "XII Mitropa Cup femminile"]
[Site "Mayrhofen AUT"]
[Date "2015.06.21"]
[Round "8.1"]
[White "Sedina, Elena"]
[Black "Kochetkova, Julia"]
[WhiteElo "2326"]
[BlackElo "2292"]
[Result "1-0"]
[Annotator "ITA-SVK"]
[PlyCount "123"]
[EventDate "2015.06.14"]

1. e4 c5 2. Nf3 e6 3. c3 Nf6 4. e5 Nd5 5. d4 cxd4 6. cxd4 d6 7. Bc4 Nc6 8. O-O
Be7 9. Bd2 O-O 10. Nc3 Nb6 11. Bb3 dxe5 12. dxe5 Nd4 13. Nxd4 Qxd4 14. Qe2 Nd7
15. Rfe1 Nxe5 16. Rad1 Ng6 17. Ne4 Qb6 18. Qh5 e5 19. Be3 Qa6 20. Bg5 Bf5 21.
Bxe7 Nxe7 22. Nd6 Bg6 23. Qxe5 Nc6 24. Qg5 Qb6 25. h4 Qa5 26. Nxb7 Qxg5 27.
hxg5 Rab8 28. Nc5 Rbc8 29. Nd7 Rfd8 30. Ne5 Rxd1 31. Bxd1 Nxe5 32. Rxe5 h6 33.
Bb3 Rc1+ 34. Kh2 Rb1 35. Re8+ Kh7 36. gxh6 Rxb2 37. Kg3 Kxh6 38. Ra8 f6 39.
Rxa7 Be4 40. Bg8 Rb8 41. Bb3 Rb5 42. f3 Bb7 43. Ra4 g5 44. Rd4 f5 45. Rd6+ Kg7
46. Bc4 Rb2 47. a4 f4+ 48. Kh3 Bc8+ 49. Be6 Bb7 50. a5 Kf6 51. Bg4+ Ke5 52. Rg6
Ra2 53. Rxg5+ Kd4 54. Be6 Re2 55. Bg4 Ra2 56. Rf5 Ke3 57. g3 fxg3 58. Kxg3 Kd4
59. Kf4 Bd5 60. Bh5 Be6 61. Re5 Bd5 62. Rxd5+ 1-0

[Event "XII Mitropa Cup femminile"]
[Site "Mayrhofen AUT"]
[Date "2015.06.21"]
[Round "8.2"]
[White "Gazikova, Veronika"]
[Black "Brunello, Marina"]
[WhiteElo "2287"]
[BlackElo "2301"]
[Result "1-0"]
[Annotator "ITA-SVK"]
[PlyCount "101"]
[EventDate "2015.06.14"]

1. e4 c5 2. Nc3 d6 3. f4 g6 4. Nf3 Bg7 5. Bc4 Nc6 6. d3 Nf6 7. O-O O-O 8. Qe1
Nd4 9. Nxd4 cxd4 10. Nd5 Nxd5 11. Bxd5 Qc7 12. Bb3 Be6 13. Rf2 a5 14. f5 Bxb3
15. axb3 Be5 16. Bh6 Rfc8 17. Qe2 f6 18. Qg4 Kf7 19. Raf1 a4 20. bxa4 Rxa4 21.
Bc1 Raa8 22. Qh4 Rh8 23. Qh6 Qc8 24. Re2 Qf8 25. Qh4 h5 26. fxg6+ Kxg6 27. Bf4
Kf7 28. c3 Ra4 29. b3 Ra5 30. Bxe5 dxe5 31. cxd4 exd4 32. e5 Qd8 33. Qe4 Rb5
34. Rf5 Rb6 35. Qh4 Kg6 36. Rf4 Rxb3 37. exf6 exf6 38. Rxd4 Qb6 39. Qe4+ Kf7
40. Qe3 Rb1+ 41. Kf2 Rb2 42. Rd7+ Kg6 43. d4 Rxe2+ 44. Qxe2 Qb1 45. Rd5 Rh7 46.
Rb5 Qc1 47. Qe4+ Kh6 48. Rxh5+ Kxh5 49. Qxh7+ Kg5 50. h4+ Kg4 51. Qg6+ 1-0

[Event "XII Mitropa Cup femminile"]
[Site "Mayrhofen AUT"]
[Date "2015.06.22"]
[Round "9.1"]
[White "Vajda, Szidonia"]
[Black "Zimina, Olga"]
[WhiteElo "2351"]
[BlackElo "2349"]
[Result "1/2-1/2"]
[Annotator "ITA-HUN"]
[PlyCount "62"]
[EventDate "2015.06.14"]

1. e4 e5 2. Nf3 Nc6 3. Nc3 Nf6 4. d4 exd4 5. Nxd4 Bb4 6. Nxc6 bxc6 7. Bd3 d5 8.
exd5 cxd5 9. O-O O-O 10. Bg5 c6 11. Qf3 h6 12. Bxf6 Qxf6 13. Qxf6 gxf6 14. Ne2
Bd6 15. Nd4 c5 16. Nf5 Bxf5 17. Bxf5 Rfe8 18. Rae1 Kg7 19. g3 Be5 20. b3 Bc3
21. Rxe8 Rxe8 22. Rd1 Re5 23. Bg4 d4 24. Kf1 Kf8 25. Be2 Ke7 26. Bc4 Kf8 27. a4
Rh5 28. h4 Re5 29. Kg2 Kg7 30. Bd3 Kf8 31. Bc4 Kg7 1/2-1/2

[Event "VII Memorial Nicola Palladino A"]
[Site "Milano ITA"]
[Date "2015.04.02"]
[Round "1"]
[White "Alm, Christopher"]
[Black "Cerioni, Armando"]
[WhiteElo "2133"]
[BlackElo "1951"]
[Result "1-0"]
[PlyCount "85"]
[EventDate "2015.04.02"]

1. c4 e5 2. g3 Nf6 3. Nc3 d5 4. cxd5 Nxd5 5. Bg2 Nb6 6. Nf3 Nc6 7. O-O Be7 8.
d3 O-O 9. Be3 Bg4 10. Rc1 Qd7 11. Re1 Kh8 12. Ne4 f5 13. Nc5 Bxc5 14. Bxc5 Rf6
15. d4 e4 16. Ne5 Nxe5 17. dxe5 Re6 18. Qxd7 Nxd7 19. f3 Bh5 20. f4 b6 21. Be3
c5 22. Rcd1 Be8 23. Bh3 g6 24. g4 fxg4 25. Bxg4 Re7 26. Bh3 Nf8 27. Bf2 Bd7 28.
Bh4 Bxh3 29. Bxe7 Ne6 30. e3 Kg8 31. Bf6 Nc7 32. Rd8+ Rxd8 33. Bxd8 Ne6 34. Bf6
Kf8 35. Rd1 Ke8 36. Rd6 Nf8 37. Bh4 Kf7 38. Kf2 Nd7 39. Ke1 Bg4 40. Kd2 Nf8 41.
a4 Nd7 42. a5 Ke8 43. e6 1-0

[Event "VII Memorial Nicola Palladino A"]
[Site "Milano ITA"]
[Date "2015.04.02"]
[Round "1"]
[White "Burani, Eugenio"]
[Black "Pelizzola, Danilo"]
[WhiteElo "1800"]
[BlackElo "2043"]
[Result "0-1"]
[PlyCount "132"]
[EventDate "2015.04.02"]

1. e4 e5 2. Nf3 Nc6 3. Bc4 Be7 4. d4 d6 5. dxe5 dxe5 6. Qxd8+ Bxd8 7. Nc3 Nf6
8. O-O O-O 9. h3 Nd4 10. Nxd4 exd4 11. Nb5 Nxe4 12. Nxd4 Nd6 13. Bd5 Bf6 14. c3
c6 15. Bf3 Bxd4 16. cxd4 Be6 17. b3 Nb5 18. Bb2 Rad8 19. Rad1 Rfe8 20. Rfe1 Nc7
21. h4 Bd5 22. Bxd5 Nxd5 23. Rxe8+ Rxe8 24. Kf1 f5 25. Rd2 Kf7 26. Re2 Re4 27.
g3 g6 28. f3 Rxe2 29. Kxe2 h5 30. a3 Ke6 31. Kd3 b5 32. Bc1 Nb6 33. Bd2 Kd5 34.
Bb4 Nd7 35. Be7 a6 36. Bb4 Ke6 37. Ke3 Nf6 38. Kd3 f4 39. gxf4 Kf5 40. Be7 Nd5
41. Bg5 Nxf4+ 42. Ke3 Ne6 43. Be7 g5 44. hxg5 Nxg5 45. f4 Ne6 46. Bh4 Nxf4 47.
Bd8 Ng6 48. a4 Nf4 49. axb5 axb5 50. Kf3 Ne6 51. Bb6 Ng5+ 52. Kg3 Ne4+ 53. Kh4
Kg6 54. b4 Nd6 55. Ba7 Nf5+ 56. Kh3 Kf6 57. Kg2 Ke6 58. Kf3 Kd5 59. Kf4 Nxd4
60. Kg5 Kc4 61. Kxh5 Nc2 62. Kg4 Nxb4 63. Kf3 Kd3 64. Kf2 Nc2 65. Bc5 b4 66.
Bf8 b3 0-1

[Event "VII Memorial Nicola Palladino A"]
[Site "Milano ITA"]
[Date "2015.04.02"]
[Round "1"]
[White "Cantoro, Daniele"]
[Black "Baronio, Gaia"]
[WhiteElo "2105"]
[BlackElo "1845"]
[Result "1-0"]
[PlyCount "59"]
[EventDate "2015.04.02"]

1. d4 d5 2. c4 c6 3. Nf3 Nf6 4. Nc3 dxc4 5. a4 Bf5 6. e3 e6 7. Bxc4 Bb4 8. O-O
O-O 9. Qe2 Ne4 10. Nxe4 Bxe4 11. Rd1 Nd7 12. Bd2 Be7 13. Be1 Qc7 14. Rac1 Rac8
15. b4 Qb8 16. a5 Bd6 17. h3 a6 18. Ng5 Bd5 19. Qc2 g6 20. Be2 Be7 21. Nf3 Bxf3
22. Bxf3 e5 23. Be2 exd4 24. Rxd4 Nf6 25. g3 Rcd8 26. Rxd8 Rxd8 27. Bc4 Rf8 28.
Bc3 Qc8 29. g4 h6 30. Qxg6+ 1-0

[Event "VII Memorial Nicola Palladino A"]
[Site "Milano ITA"]
[Date "2015.04.02"]
[Round "1"]
[White "D'Alfonso, Nicola"]
[Black "Cavalleri, Giuseppe"]
[WhiteElo "2049"]
[BlackElo "1802"]
[Result "1-0"]
[PlyCount "87"]
[EventDate "2015.04.02"]

1. Nf3 d5 2. g3 Nf6 3. Bg2 e6 4. O-O c5 5. d3 Nc6 6. Nbd2 Be7 7. e4 O-O 8. e5
Nd7 9. Re1 Qc7 10. Qe2 Re8 11. Nf1 f6 12. exf6 Bxf6 13. c4 d4 14. Ng5 Nf8 15.
Be4 Qe7 16. h4 h6 17. Nf3 Bd7 18. N3h2 e5 19. Ng4 Bxg4 20. Qxg4 Kh8 21. Qh5
Rad8 22. Nh2 Rd7 23. Ng4 Qf7 24. Nxf6 gxf6 25. Qxh6+ Kg8 26. Bd5 Ne6 27. Re4 f5
28. Bxc6 fxe4 29. Bxd7 Qxd7 30. Qg6+ Ng7 31. Qxe4 b5 32. b3 bxc4 33. bxc4 Qh3
34. Rb1 Rf8 35. Bh6 Qe6 36. Bg5 Nf5 37. Rb5 Nd6 38. Qc6 Rc8 39. Qa6 e4 40. dxe4
d3 41. Rb3 Qxc4 42. Qxd6 Qxe4 43. Qxd3 Qe6 44. Rb7 1-0

[Event "VII Memorial Nicola Palladino A"]
[Site "Milano ITA"]
[Date "2015.04.02"]
[Round "1"]
[White "Pirrello, Christian"]
[Black "Steinhauser, Thomas"]
[WhiteElo "1896"]
[BlackElo "2110"]
[Result "0-1"]
[PlyCount "70"]
[EventDate "2015.04.02"]

1. d4 Nf6 2. c4 c5 3. d5 b5 4. Qc2 bxc4 5. e4 d6 6. Bxc4 g6 7. Nf3 Nbd7 8. O-O
Bg7 9. Nc3 O-O 10. h3 Nb6 11. Be2 Nfd7 12. Bf4 c4 13. Nb5 Ba6 14. Nbd4 Ne5 15.
Nxe5 dxe5 16. Nc6 Qd6 17. Bd2 Rfe8 18. a4 e6 19. a5 Nxd5 20. exd5 exd5 21. Nb4
Bc8 22. Rfd1 Rb8 23. Na2 Bf5 24. Qc1 Qc5 25. Be3 d4 26. Bg5 Rec8 27. g4 Be4 28.
f3 Bd5 29. Kg2 d3 30. Bxd3 cxd3 31. Rxd3 e4 32. Rd2 exf3+ 33. Kg3 Be5+ 34. Kh4
Qd6 35. Qe1 f6 0-1

[Event "VII Memorial Nicola Palladino A"]
[Site "Milano ITA"]
[Date "2015.04.02"]
[Round "1"]
[White "Podetti, Davide"]
[Black "Cazzaniga, Walter"]
[WhiteElo "1974"]
[BlackElo "2148"]
[Result "1/2-1/2"]
[PlyCount "77"]
[EventDate "2015.04.02"]

1. e4 e6 2. d4 d5 3. Nc3 Bb4 4. e5 c5 5. Bd2 cxd4 6. Nb5 Bc5 7. b4 a6 8. bxc5
axb5 9. Qg4 g6 10. Bxb5+ Bd7 11. Bd3 Nc6 12. Nf3 Qc7 13. Qf4 f6 14. exf6 Qxf4
15. Bxf4 Nxf6 16. O-O O-O 17. Rfe1 Ra7 18. Ne5 Rfa8 19. Rab1 Be8 20. Nxc6 Bxc6
21. Be5 Kf7 22. Bxd4 Rxa2 23. Bb5 R8a7 24. Bxc6 bxc6 25. Re2 R2a4 26. c3 Nd7
27. f4 Nf6 28. Reb2 Ra1 29. Rxa1 Rxa1+ 30. Kf2 Ne4+ 31. Kf3 Rf1+ 32. Ke2 Rxf4
33. Rb7+ Ke8 34. Rc7 e5 35. Bxe5 Rf2+ 36. Ke3 Rxg2 37. Rxc6 Kd7 38. Ra6 Nxc5
39. Rd6+ 1/2-1/2

[Event "VII Memorial Nicola Palladino A"]
[Site "Milano ITA"]
[Date "2015.04.02"]
[Round "1"]
[White "Tagliaferri, Valerio"]
[Black "Astengo, Corrado"]
[WhiteElo "1820"]
[BlackElo "2100"]
[Result "0-1"]
[PlyCount "72"]
[EventDate "2015.04.02"]

1. d4 d5 2. Nf3 Nf6 3. e3 g6 4. Bd3 Bg7 5. O-O O-O 6. Nbd2 c5 7. c4 Nc6 8. dxc5
e5 9. e4 d4 10. b3 Qa5 11. Bb2 Qxc5 12. a3 Bd7 13. b4 Qe7 14. b5 Nb8 15. a4 Re8
16. Ba3 Qd8 17. c5 Nh5 18. g3 Bh3 19. Re1 Nd7 20. Rc1 Bf8 21. Bc4 Rc8 22. Nb3
b6 23. Bd5 Nxc5 24. Nxc5 Bxc5 25. Bxc5 Rxc5 26. Rxc5 bxc5 27. Qc2 Qf6 28. Nd2
Rc8 29. Bc6 Qg5 30. Nf3 Qf6 31. Nd2 c4 32. Qxc4 Nf4 33. Nf1 Be6 34. Qc2 Nh3+
35. Kg2 Bg4 36. Qd3 Qxf2+ 0-1

[Event "VII Memorial Nicola Palladino A"]
[Site "Milano ITA"]
[Date "2015.04.03"]
[Round "2"]
[White "Astengo, Corrado"]
[Black "Alm, Christopher"]
[WhiteElo "2100"]
[BlackElo "2133"]
[Result "1/2-1/2"]
[PlyCount "47"]
[EventDate "2015.04.02"]

1. e4 c6 2. d4 d5 3. exd5 cxd5 4. c4 Nf6 5. Nc3 Nc6 6. Nf3 Bg4 7. cxd5 Nxd5 8.
Qb3 Bxf3 9. gxf3 e6 10. Qxb7 Nxd4 11. Bb5+ Nxb5 12. Qxb5+ Qd7 13. Nxd5 exd5 14.
Qxd7+ Kxd7 15. Be3 Bb4+ 16. Ke2 Rhc8 17. Rhc1 Ba5 18. Rxc8 Rxc8 19. Rc1 Rxc1
20. Bxc1 Bb6 21. Be3 d4 22. Bd2 Ke6 23. Kd3 Kd5 24. Bb4 1/2-1/2

[Event "VII Memorial Nicola Palladino A"]
[Site "Milano ITA"]
[Date "2015.04.03"]
[Round "2"]
[White "Baronio, Gaia"]
[Black "Cerioni, Armando"]
[WhiteElo "1845"]
[BlackElo "1951"]
[Result "1/2-1/2"]
[PlyCount "116"]
[EventDate "2015.04.02"]

1. e4 e5 2. Nf3 Nc6 3. Bb5 a6 4. Ba4 d6 5. O-O Bd7 6. c3 Nf6 7. Re1 g6 8. d3
Bg7 9. Nbd2 O-O 10. Nf1 Ne7 11. Bc2 Kh8 12. Ng3 Ne8 13. Bb3 h6 14. d4 Nc6 15.
dxe5 Nxe5 16. Nxe5 dxe5 17. Be3 Qe7 18. Qd2 Kh7 19. Rad1 Rd8 20. f3 Nd6 21. Bc5
Be6 22. Qc2 Bf6 23. Ne2 b6 24. Bxd6 Rxd6 25. Bxe6 Qxe6 26. Rxd6 Qxd6 27. Rd1
Qc5+ 28. Kh1 Rd8 29. Rxd8 Bxd8 30. Qb3 Kg7 31. Qd5 Qf2 32. Qd1 Bg5 33. c4 h5
34. b3 h4 35. Nc3 h3 36. gxh3 Qb2 37. Nd5 Qxa2 38. h4 Bh6 39. h5 c6 40. Ne7 Bf4
41. Qg1 Qxb3 42. hxg6 Qxf3+ 43. Qg2 Qd1+ 44. Qg1 Qxg1+ 45. Kxg1 fxg6 46. Nxc6
a5 47. h3 Kf6 48. Kf1 Ke6 49. Ke2 Kd6 50. Na7 Kc5 51. Kd3 Kb4 52. Nc6+ Kb3 53.
c5 bxc5 54. Nxa5+ Kb4 55. Nc4 g5 56. Nd6 Kb3 57. Nc4 Bg3 58. Nd2+ Kb4 1/2-1/2

[Event "VII Memorial Nicola Palladino A"]
[Site "Milano ITA"]
[Date "2015.04.03"]
[Round "2"]
[White "Cavalleri, Giuseppe"]
[Black "Pirrello, Christian"]
[WhiteElo "1802"]
[BlackElo "1896"]
[Result "0-1"]
[PlyCount "68"]
[EventDate "2015.04.02"]

1. d4 Nf6 2. c4 g6 3. Nc3 Bg7 4. e4 d6 5. Nf3 O-O 6. Be2 e5 7. d5 a5 8. O-O
Nfd7 9. Ne1 f5 10. g3 f4 11. Ng2 g5 12. g4 Nf6 13. f3 h5 14. h3 Qe8 15. Kf2 Qg6
16. Rh1 Kf7 17. Qg1 Na6 18. Bd3 Bd7 19. Bd2 Nc5 20. Bc2 Rh8 21. Ne1 Rh6 22. Ke2
Rah8 23. Kd1 hxg4 24. fxg4 Bxg4+ 25. Kc1 Rxh3 26. Rxh3 Rxh3 27. a3 Rg3 28. Qf2
Bd7 29. b4 Ng4 30. Qf1 Na6 31. Ne2 Ne3 32. Qf2 Nxc2 33. Nxc2 Rh3 34. Qa7 Qxe4
0-1

[Event "VII Memorial Nicola Palladino A"]
[Site "Milano ITA"]
[Date "2015.04.03"]
[Round "2"]
[White "Cazzaniga, Walter"]
[Black "Motola, Jacopo"]
[WhiteElo "2148"]
[BlackElo "2240"]
[Result "0-1"]
[PlyCount "72"]
[EventDate "2015.04.02"]

1. d4 d5 2. c4 dxc4 3. e4 b5 4. a4 c6 5. axb5 cxb5 6. b3 e5 7. d5 Nf6 8. bxc4
Nxe4 9. Qe2 f5 10. Nf3 Bb4+ 11. Nfd2 O-O 12. g3 Bb7 13. Bg2 Nxd2 14. Nxd2 bxc4
15. Qxc4 Qd6 16. O-O Ba6 17. Qb3 Bxf1 18. Nxf1 a5 19. Ne3 e4 20. Nc2 Nd7 21.
Bf4 Qb6 22. Ne3 Nc5 23. Qa2 Nd3 24. Bg5 Kh8 25. Bf1 h6 26. Bxd3 hxg5 27. Bc2
Rac8 28. Ba4 f4 29. Ng4 Qd6 30. Rd1 Bc5 31. Kh1 Rc7 32. Qe2 Re7 33. Bc2 Qg6 34.
h3 Qh5 35. Kh2 fxg3+ 36. fxg3 Rf2+ 0-1

[Event "VII Memorial Nicola Palladino A"]
[Site "Milano ITA"]
[Date "2015.04.03"]
[Round "2"]
[White "Giacometto, Mario"]
[Black "Tagliaferri, Valerio"]
[WhiteElo "1944"]
[BlackElo "1820"]
[Result "1-0"]
[PlyCount "59"]
[EventDate "2015.04.02"]

1. e4 b6 2. d4 Bb7 3. Nc3 Nf6 4. Bd3 e6 5. a3 d6 6. Nf3 Nbd7 7. O-O g6 8. Bg5
h6 9. Bh4 g5 10. Bg3 Nh5 11. e5 Nxg3 12. hxg3 Bxf3 13. Qxf3 d5 14. Nxd5 exd5
15. Qxd5 a6 16. e6 fxe6 17. Bg6+ Ke7 18. Rfe1 e5 19. Rxe5+ Nxe5 20. Qxe5+ Kd7
21. Bf5+ Kc6 22. Be4+ Kd7 23. Qxh8 Rb8 24. Re1 Kc8 25. Bc6 Be7 26. Qxh6 Rb7 27.
Qe6+ Kb8 28. Qxe7 Qxe7 29. Rxe7 b5 30. Bxb7 1-0

[Event "VII Memorial Nicola Palladino A"]
[Site "Milano ITA"]
[Date "2015.04.03"]
[Round "2"]
[White "Pelizzola, Danilo"]
[Black "Cantoro, Daniele"]
[WhiteElo "2043"]
[BlackElo "2105"]
[Result "1/2-1/2"]
[PlyCount "39"]
[EventDate "2015.04.02"]

1. e4 c5 2. Nf3 Nc6 3. d4 cxd4 4. Nxd4 Nf6 5. Nc3 d6 6. Be2 e5 7. Nf3 h6 8. O-O
Be7 9. b3 O-O 10. Bb2 Be6 11. Qd2 a6 12. Rfd1 b5 13. a3 b4 14. axb4 Nxb4 15.
Ne1 a5 16. Bf3 Qb6 17. g3 Rfd8 18. Qe2 Bd7 19. Ng2 Qb7 20. Ne3 1/2-1/2

[Event "VII Memorial Nicola Palladino A"]
[Site "Milano ITA"]
[Date "2015.04.03"]
[Round "2"]
[White "Podini, Francesco"]
[Black "Podetti, Davide"]
[WhiteElo "2014"]
[BlackElo "1974"]
[Result "1/2-1/2"]
[PlyCount "62"]
[EventDate "2015.04.02"]

1. c4 e5 2. Nc3 Nf6 3. g3 d5 4. cxd5 Nxd5 5. Bg2 Nb6 6. Nf3 Nc6 7. O-O Be7 8.
d3 O-O 9. Be3 Be6 10. a3 a5 11. Na4 Nd5 12. Bc5 Nb6 13. Rc1 f6 14. Bxe7 Nxe7
15. Nc5 Bc8 16. Nd2 c6 17. b4 axb4 18. Qb3+ Kh8 19. axb4 Nf5 20. e3 Nd6 21. Ra1
Rb8 22. Rfd1 Qe7 23. Nde4 Nb5 24. Nc3 Bg4 25. Rdc1 Nc7 26. Ra7 Bc8 27. Rca1 Rd8
28. Rd1 Ne6 29. N5a4 Nxa4 30. Nxa4 Nc7 31. Nc3 Be6 1/2-1/2

[Event "VII Memorial Nicola Palladino A"]
[Site "Milano ITA"]
[Date "2015.04.03"]
[Round "2"]
[White "Steinhauser, Thomas"]
[Black "D'Alfonso, Nicola"]
[WhiteElo "2110"]
[BlackElo "2049"]
[Result "0-1"]
[PlyCount "90"]
[EventDate "2015.04.02"]

1. e4 d5 2. exd5 Qxd5 3. Nc3 Qa5 4. Bc4 Nf6 5. d3 c6 6. Nf3 Bf5 7. Qe2 e6 8.
Nd4 Bb4 9. Bd2 O-O 10. a3 Bg6 11. Nb3 Qc7 12. axb4 b5 13. Nxb5 cxb5 14. Bxb5
Qxc2 15. Bc4 Rd8 16. Nc5 Qxb2 17. O-O Nc6 18. Ra2 Qe5 19. Qxe5 Nxe5 20. Be3
Nxd3 21. Nxd3 Bxd3 22. Bxd3 Rxd3 23. Rxa7 Rxa7 24. Bxa7 Rb3 25. Bc5 Nd5 26. Ra1
h6 27. g3 Kh7 28. Ra7 Kg6 29. Rb7 Nc3 30. h4 e5 31. Rb6+ Kf5 32. Bf8 Kg4 33.
Kg2 Rb2 34. Rc6 Ne4 35. Rc4 Rxf2+ 36. Kg1 Re2 37. b5 Kxg3 38. Bb4 Rg2+ 39. Kf1
Nd2+ 40. Bxd2 Rxd2 41. Rb4 Rd7 42. b6 Rb7 43. Ke2 f5 44. h5 f4 45. Rb3+ Kg2 0-1

[Event "VII Memorial Nicola Palladino A"]
[Site "Milano ITA"]
[Date "2015.04.04"]
[Round "3"]
[White "Alm, Christopher"]
[Black "Pelizzola, Danilo"]
[WhiteElo "2133"]
[BlackElo "2043"]
[Result "1/2-1/2"]
[PlyCount "49"]
[EventDate "2015.04.02"]

1. c4 Nf6 2. g3 e5 3. Nc3 d5 4. cxd5 Nxd5 5. Nf3 Nc6 6. Bg2 Be6 7. O-O Be7 8.
d4 exd4 9. Nxd4 Nxd4 10. Qxd4 Bf6 11. Qa4+ c6 12. Rd1 O-O 13. Nxd5 cxd5 14. Qb3
Qe7 15. Bxd5 Bxd5 16. Rxd5 Qxe2 17. Be3 b6 18. Rd2 Qf3 19. Bf4 Qxb3 20. axb3
Rfd8 21. Rxd8+ Bxd8 22. Be3 a5 23. Rc1 Kf8 24. Bd4 g6 25. Kf1 1/2-1/2

[Event "VII Memorial Nicola Palladino A"]
[Site "Milano ITA"]
[Date "2015.04.04"]
[Round "3"]
[White "Cantoro, Daniele"]
[Black "Podini, Francesco"]
[WhiteElo "2105"]
[BlackElo "2014"]
[Result "1-0"]
[PlyCount "155"]
[EventDate "2015.04.02"]

1. d4 e6 2. e4 c5 3. Nf3 cxd4 4. Nxd4 Nf6 5. Nc3 d6 6. g3 a6 7. Bg2 Be7 8. O-O
Qc7 9. a4 Nc6 10. Nb3 b6 11. f4 Nd7 12. Kh1 O-O 13. g4 Re8 14. g5 Rb8 15. Be3
Na5 16. Nd4 Bf8 17. Qh5 g6 18. Qh4 Bb7 19. Bg1 Nc4 20. Rf3 Bg7 21. Rh3 Nf8 22.
b3 e5 23. fxe5 Nxe5 24. Nd5 Bxd5 25. exd5 Qd7 26. Rg3 Qd8 27. Re1 h5 28. Nc6
Nxc6 29. Rxe8 Qxe8 30. dxc6 Ne6 31. Rd3 Qe7 32. Be3 b5 33. a5 Be5 34. c4 b4 35.
Rd1 Rc8 36. Rf1 Nd8 37. Bd5 Kg7 38. Qf2 Nxc6 39. Qxf7+ Qxf7 40. Rxf7+ Kh8 41.
Be4 Nxa5 42. Bxg6 Nxb3 43. Bf5 Re8 44. g6 Nd4 45. Bd7 Rb8 46. Bxd4 Bxd4 47.
Rh7+ Kg8 48. Be6+ Kf8 49. Rf7+ Ke8 50. g7 Bxg7 51. Rxg7 Rb6 52. Ra7 b3 53. Bf5
b2 54. Bb1 Rb4 55. Rxa6 Rxc4 56. Bg6+ Ke7 57. Rb6 Rc1+ 58. Kg2 Rc5 59. Bb1 Ke6
60. Rxb2 Ke5 61. Re2+ Kf4 62. Re4+ Kg5 63. h4+ Kf6 64. Rf4+ Ke6 65. Bd3 Rc3 66.
Be2 Ke5 67. Rf8 Rc2 68. Kf1 Rc1+ 69. Kf2 Rc2 70. Rh8 d5 71. Rxh5+ Ke4 72. Rh8
d4 73. Rd8 Rd2 74. Ke1 Rb2 75. h5 Ke3 76. Re8+ Kf4 77. h6 Rb1+ 78. Bd1 1-0

[Event "VII Memorial Nicola Palladino A"]
[Site "Milano ITA"]
[Date "2015.04.04"]
[Round "3"]
[White "Cerioni, Armando"]
[Black "Cazzaniga, Walter"]
[WhiteElo "1951"]
[BlackElo "2148"]
[Result "0-1"]
[PlyCount "144"]
[EventDate "2015.04.02"]

1. e4 e6 2. d3 c5 3. Nf3 Nc6 4. Nbd2 g6 5. c3 Bg7 6. Be2 Nge7 7. O-O O-O 8. Nb3
d6 9. d4 b6 10. Be3 e5 11. dxe5 dxe5 12. Qc2 Qc7 13. Rfd1 Bb7 14. Rd2 Rad8 15.
Rad1 h6 16. Rxd8 Rxd8 17. Rxd8+ Nxd8 18. Qd3 Kh7 19. Nfd2 Ne6 20. f3 Nf4 21.
Qc4 Nxe2+ 22. Qxe2 Qd7 23. Nb1 Qa4 24. Na3 Ba6 25. Qd2 f5 26. Qd6 Ng8 27. exf5
gxf5 28. Bxc5 bxc5 29. Nxc5 Qh4 30. Qxa6 Qe1+ 31. Qf1 Qe3+ 32. Qf2 Qc1+ 33. Qf1
Qxb2 34. Nb5 Qxa2 35. Qd3 Ne7 36. Nd6 Qa1+ 37. Kf2 Qb2+ 38. Kf1 Qc1+ 39. Kf2
Qb2+ 40. Kf1 Qc1+ 41. Kf2 e4 42. fxe4 Qxc3 43. Qxc3 Bxc3 44. Na4 Bb4 45. Nxf5
Nxf5 46. exf5 Kg7 47. g4 Kf6 48. Kf3 Kg5 49. h3 a5 50. Kg3 Bd6+ 51. Kg2 Kf4 52.
Nb2 Be5 53. Nc4 a4 54. Na3 Bd4 55. Nb5 Bb2 56. Kf2 Be5 57. Na3 Bd6 58. Nb5 Bc5+
59. Kg2 Ke3 60. f6 Kf4 61. f7 Ke5 62. h4 Ke6 63. g5 h5 64. Kf3 Kxf7 65. Ke4 Kg6
66. Kf4 Bf2 67. Na3 Bxh4 68. Kf3 Bxg5 69. Kg3 Kf5 70. Kh3 Ke4 71. Kg2 Kd3 72.
Kh3 Be7 0-1

[Event "VII Memorial Nicola Palladino A"]
[Site "Milano ITA"]
[Date "2015.04.04"]
[Round "3"]
[White "D'Alfonso, Nicola"]
[Black "Astengo, Corrado"]
[WhiteElo "2049"]
[BlackElo "2100"]
[Result "0-1"]
[PlyCount "54"]
[EventDate "2015.04.02"]

1. Nf3 d5 2. g3 Nf6 3. Bg2 c5 4. O-O Nc6 5. d3 Bf5 6. Nbd2 h6 7. c4 d4 8. Nh4
Bd7 9. f4 e6 10. e4 dxe3 11. Nb3 g5 12. fxg5 hxg5 13. Nf3 Ng4 14. Qe2 Be7 15.
Bxe3 Nxe3 16. Qxe3 f6 17. Qe4 Rh6 18. h4 Qc7 19. hxg5 fxg5 20. Kf2 O-O-O 21. g4
Rf8 22. Rh1 Rhf6 23. Rh3 Rf4 24. Qe2 Rxg4 25. Ke1 Rg3 26. Qf2 Rxh3 27. Bxh3 Ne5
0-1

[Event "VII Memorial Nicola Palladino A"]
[Site "Milano ITA"]
[Date "2015.04.04"]
[Round "3"]
[White "Motola, Jacopo"]
[Black "Giacometto, Mario"]
[WhiteElo "2240"]
[BlackElo "1944"]
[Result "1-0"]
[PlyCount "75"]
[EventDate "2015.04.02"]

1. e4 e6 2. d4 d5 3. Nc3 Bb4 4. e5 Ne7 5. a3 Bxc3+ 6. bxc3 c5 7. a4 Nbc6 8. Nf3
O-O 9. Bd3 f6 10. O-O c4 11. Be2 fxe5 12. Nxe5 Nxe5 13. dxe5 b6 14. Ba3 Rf7 15.
Bxc4 Nc6 16. Be2 Nxe5 17. f4 Nd7 18. f5 Nc5 19. fxe6 Rxf1+ 20. Bxf1 Bxe6 21.
Qd4 Qc7 22. Re1 Bf7 23. g3 Rc8 24. Re3 a5 25. Bb2 Be6 26. Bg2 Kh8 27. h3 Bg8
28. Kh2 Qd7 29. h4 Re8 30. Rxe8 Qxe8 31. c4 Qd7 32. cxd5 h6 33. d6 Be6 34. Qe5
Nxa4 35. Bd4 Qf7 36. Qf4 Qxf4 37. gxf4 Kg8 38. Bd5 1-0